Movies Quiz

Random Movies or Oscar Quiz

Oscar-Winning Costumes of the Last 30 Years Quiz Stats

Quiz Updated Mar 5, 2018

Challenge
Share
Tweet
Score 0/30 Timer 09:00
1 Play Today
% Correct
The Great Gatsby
93.5%
Titanic
92.7%
Mad Max: Fury Road
88.9%
Chicago
88.6%
Alice in Wonderland
85.3%
Gladiator
83.3%
Elizabeth: The Golden Age
79.1%
The Lord of the Rings: The Return of the King
76%
The Grand Budapest Hotel
76%
Shakespeare in Love
74.4%
Fantastic Beasts and Where to Find Them
72%
Moulin Rouge!
70.7%
The English Patient
65.2%
The Artist
63.7%
The Aviator
61.6%
% Correct
Marie Antoinette
56.8%
The Phantom Thread
54.7%
Memoirs of a Geisha
50.9%
Dangerous Liaisons
41.7%
Cyrano de Bergerac
39%
Anna Karenina
37.3%
Bram Stoker’s Dracula
35.5%
The Adventures of Priscilla, Queen of the Desert
35.5%
Henry V
30.5%
The Young Victoria
30.4%
Bugsy
27.5%
The Duchess
26.5%
The Age of Innocence
18%
Topsy-Turvy
17.4%
Restoration
7.8%

You're not logged in!

Compare scores with friends on all Sporcle quizzes.
Join for Free
OR
Log In

You Might Also Like...

Show Comments

Extras

Top Quizzes Today


Score Distribution

Your Account Isn't Verified!

In order to create a playlist on Sporcle, you need to verify the email address you used during registration. Go to your Sporcle Settings to finish the process.

Report this User

Report this user for behavior that violates our Community Guidelines.

Details: